000 01392nam a22003257i 4500
003 EG-ScBUE
005 20260512111032.0
008 100722s2007 ua frb 000 0 ara d
017 _a2007 / 8622
020 _a9774196929
040 _aEG-ScBUE
_bara
_erda
_cEG-ScBUE
_dEG-ScBUE
041 1 _aara
_heng
082 0 4 _a539
_bب و ن
_222
100 1 _916706
_aبونوماريف، ليونيد،
_eمؤلف.
240 1 4 _aThe quantum dice.
_lArabic.
245 2 2 _aالاحتمالات المثيرة للنظرية الكمية /
_cليونيد بونوماريف ؛ ترجمة إيمان أبو شادي ؛ مراجعة جلال عبد الفتاح.
264 1 _aالقاهرة :
_bالهيئة المصرية العامة للكتاب،
_c2007.
300 _a462 صفحة ؛
_c24 سم
336 _2rdacontent
_aنص
_btxt
337 _aبدون وسيط
_2rdamedia
_bn
338 _aمجلد
_bnc
_2rdacarrier
504 _aيشتمل على إرجاعات ببليوجرافية.
541 _aألف باء ؛
_cشراء ؛
546 _aالنص باللغة الإنجليزية ؛ وقد تم ترجمته إلى العربية.
650 7 _914325
_aالفيزياء الكمية.
_2BUEsh
655 _vReading book
700 1 _916713
_aأبو شادى، إيمان،
_eمترجم.
700 1 _916714
_aعبد الفتاح، جلال،
_eمراجع.
942 _2ddc
_cBB
999 _c14529
_d14529